000 00509nam a2200193Ia 4500
008 210417s9999 xx 000 0 und d
020 _a9788187317401
020 _b818731740X
082 _a420.9 LAT
082 _b22.420.9 LAT
245 0 _aHistory of English Language
245 0 _cHistory of English Language
250 _b"xix, 809 p : ill. ; 26 cm. ; hbk."
260 _aNew |Delhi
260 _bRajat Publications
260 _c2018
700 _aNULL
700 _b Rajat Publications (2017)
999 _c488165
_d488165